000 00597nam a2200217Ia 4500
005 20250508165955.0
008 008 250505s9999 xx 000 0 hin d
020 _a978-81-7315-931-2
037 _aTextual
040 _aFEDL
_beng
_cFEDL
041 _ahin
_2hin
084 _a370.32, MAL
_qFEDL
100 _aMahrotra Mamta
_9782569
245 0 _aShiksha ka adhikar: RTE act
260 _aDelhi, India
_bPrabhat Prakashan
_c2013
300 _a159p.
365 _aINR
_b200
700 _a Sharma Mahesh
_9782570
942 _cTEXL
_h370.32, MAL
999 _c1398474
_d1398474